000 01024nam0a22002771 4500
001 RU\NLR\A1SV\152461
005 20251203171251.9
035 _a(NLR Aleph) 012010813
090 _a11450294
_c11450294
100 _a20190515d1926 u y0rusy50 ca
101 0 _arus
102 _aRU
200 1 _aМистерия в восьми рассказах
_fЛеонид Страховский
_gОбл. Л.Фрешкопа
210 _aБрюссель
_cИзд-во Рус. писателей в Бельгии "Единорог"
_d1926
215 _a77 с.
_d16 см
300 _aЛеонид Иванович Страховский - подлинное имя Леонида Чацкого
620 _dБрюссель
700 1 _7ca
_8rus
_aСтраховский
_bЛ. И.
_f1898-1963
_gЛеонид Иванович
_9254261
_3RU\NLR\AUTH\770254317
702 1 _aФрешкоп
_bЛ.
801 0 _aRU
_bNLR
_c20190515
899 _aРГБ
899 _aРГБ
942 _cBOOK
980 _aNB
980 _aA1SV